Statistics for Cities with Most UEFA Champions League Titles

Click here to take the quiz!

General Stats

  • This quiz has been taken 604 times
  • The average score is 9 of 11

Answer Stats

TitlesCity% Correct
11Madrid
99%
5Barcelona
96%
10Milan
95%
3Manchester
94%
5Munich
94%
5Liverpool
93%
4Amsterdam
82%
2Turin
77%
2Lisbon
69%
2Nottingham
65%
2Porto
64%

Score Distribution

Percentile by Number Answered

Percent of People with Each Score

Your Score History

You have not taken this quiz